<?xml version="1.0" encoding="UTF-8"?>
<record
    xmlns:xsi="http://www.w3.org/2001/XMLSchema-instance"
    xsi:schemaLocation="http://www.loc.gov/MARC21/slim http://www.loc.gov/standards/marcxml/schema/MARC21slim.xsd"
    xmlns="http://www.loc.gov/MARC21/slim">

  <leader>02050    a2200253   4500</leader>
  <controlfield tag="001">38527</controlfield>
  <controlfield tag="005">20260407155648.0</controlfield>
  <controlfield tag="008">260407a1979    arg                 spa d</controlfield>
  <controlfield tag="003">AR-UNSa-BCEJYS</controlfield>
  <datafield tag="040" ind1=" " ind2=" ">
    <subfield code="a">AR-UNSa-BCEJYS</subfield>
    <subfield code="b">spa</subfield>
    <subfield code="c">AR-UNSa-BCEJYS</subfield>
  </datafield>
  <datafield tag="080" ind1=" " ind2=" ">
    <subfield code="a">658.8.012.12</subfield>
    <subfield code="x">Investigaci&#xF3;n de mercados</subfield>
  </datafield>
  <datafield tag="245" ind1="1" ind2="0">
    <subfield code="a">Investigaci&#xF3;n de mercados</subfield>
  </datafield>
  <datafield tag="020" ind1=" " ind2=" ">
    <subfield code="a">968-451-169-8</subfield>
  </datafield>
  <datafield tag="264" ind1=" " ind2="1">
    <subfield code="a">M&#xE9;xico :</subfield>
    <subfield code="b">McGraw-Hill</subfield>
    <subfield code="c">1979</subfield>
  </datafield>
  <datafield tag="300" ind1=" " ind2=" ">
    <subfield code="a">740 p.</subfield>
    <subfield code="c">23 cm.</subfield>
  </datafield>
  <datafield tag="505" ind1=" " ind2=" ">
    <subfield code="a">1. Naturaleza y papel que desempe&#xF1;e a la investigaci&#xF3;n de mercado - 2. Sistema de investigaci&#xF3;n de mercado - 3. Ejemplo de investigaci&#xF3;n de mercado - 4. El negocio de la investigaci&#xF3;n de mercado - 5. La decisi&#xF3;n para llevar a cabo la investigaci&#xF3;n - 6. Modelo de investigaci&#xF3;n y fuentes de informaci&#xF3;n - 7. Informaci&#xF3;n secundaria - 8. Fundamentos del muestreo - 9. Muestreo aleatorio simple - 10. Procedimientos m&#xE1;s complejos de muestreo - 11. Aspectos pr&#xE1;cticos de muestreo: error no muestreal y tama&#xF1;o de la muestra - 12. El proceso de la medici&#xF3;n - 13. Medici&#xF3;n de actitudes - 14. Principios de experimentaci&#xF3;n y cuasi-experimentaci&#xF3;n: la b&#xFA;squeda de la causalidad - 15. Fundamentos del dise&#xF1;o de experimentos - 16. Experimentos de dise&#xF1;o mas complejo - 17. Mercadeo de prueba - 18. M&#xE9;todos de recopilaci&#xF3;n de informaci&#xF3;n - 19. Dise&#xF1;o de formas para la recolecci&#xF3;n de informaci&#xF3;n - 20. Operaciones de campo - 21. Procesamiento de la informaci&#xF3;n - 22. An&#xE1;lisis de informaci&#xF3;n univariada - 23. An&#xE1;lisis de informaci&#xF3;n bivariada - 24. Informe sobre los hallazgos de la investigaci&#xF3;n - 25. An&#xE1;lisis de informaci&#xF3;n multivariado: M&#xE9;todos de interdependencia - 26. An&#xE1;lisis de informaci&#xF3;n multivariado:II M&#xE9;todos de dependencia - 27. Un enfoque de la teor&#xED;a de la decisi&#xF3;n sobre la investigaci&#xF3;n de mercados.</subfield>
  </datafield>
  <datafield tag="942" ind1=" " ind2=" ">
    <subfield code="c">BK</subfield>
  </datafield>
  <datafield tag="590" ind1=" " ind2=" ">
    <subfield code="a">niveau_biblio:m niveau_hierar:0</subfield>
  </datafield>
  <datafield tag="100" ind1="1" ind2=" ">
    <subfield code="a">Kinnear, Thomas C.</subfield>
  </datafield>
  <datafield tag="700" ind1="1" ind2=" ">
    <subfield code="a">Taylor, James R.</subfield>
  </datafield>
  <datafield tag="700" ind1="1" ind2=" ">
    <subfield code="a">Ciardell Fadul, Giovanny</subfield>
  </datafield>
  <datafield tag="700" ind1="1" ind2=" ">
    <subfield code="a">Kresge, Sebastian S.</subfield>
  </datafield>
  <datafield tag="700" ind1="1" ind2=" ">
    <subfield code="a">Ferro, Alvaro Franco</subfield>
  </datafield>
  <datafield tag="999" ind1=" " ind2=" ">
    <subfield code="c">2893</subfield>
    <subfield code="d">2893</subfield>
  </datafield>
  <datafield tag="952" ind1=" " ind2=" ">
    <subfield code="0">0</subfield>
    <subfield code="1">0</subfield>
    <subfield code="4">0</subfield>
    <subfield code="7">0</subfield>
    <subfield code="a">BCEJYS</subfield>
    <subfield code="b">BCEJYS</subfield>
    <subfield code="c">16</subfield>
    <subfield code="d">2026-04-07</subfield>
    <subfield code="l">0</subfield>
    <subfield code="o">658.8.012.12 K51</subfield>
    <subfield code="p">L45044</subfield>
    <subfield code="r">2026-04-07 15:56:48</subfield>
    <subfield code="w">2026-04-07</subfield>
    <subfield code="y">L</subfield>
  </datafield>
</record>
